UBT Library

DICTIONARY OF ARCHITECTURE & CONSTRUCTION (Record no. 20971)

000 -LEADER
fixed length control field 00315nam a22001337a 4500
008 - FIXED-LENGTH DATA ELEMENTS--GENERAL INFORMATION
fixed length control field 170714b xxu||||| |||| 00| 0 eng d
020 ## - INTERNATIONAL STANDARD BOOK NUMBER
International Standard Book Number 639785318347
041 ## - LANGUAGE CODE
Language code of text/sound track or separate title eng
080 ## - UNIVERSAL DECIMAL CLASSIFICATION NUMBER
Edition identifier 3RD
Universal Decimal Classification number 038
100 ## - Rafti
Rafti 26
101 ## - Shkurtesa
Shkurtesa FJA
245 ## - TITLE STATEMENT
Title DICTIONARY OF ARCHITECTURE & CONSTRUCTION
Statement of responsibility, etc HARRIS,C.M
942 ## - ADDED ENTRY ELEMENTS (KOHA)
Source of classification or shelving scheme
Item type Books
Holdings
Withdrawn status Lost status Source of classification or shelving scheme Damaged status Not for loan Collection code Permanent location Current location Shelving location Date acquired Total Checkouts Full call number Barcode Date last seen Price effective from Koha item type
          Koleksioni i përgjithshem UBT - Lipjan UBT - Lipjan Koleksioni i përgjithshem 07/14/2017   038 HAR 002-2911909 07/14/2017 07/14/2017 Books
          Koleksioni i përgjithshem UBT - Lipjan UBT - Lipjan Koleksioni i përgjithshem 07/14/2017   R 038 HAR 002-2911132 12/07/2017 07/14/2017 Books
UBT Library © 2015-2024. All rights reserved University Education for Business and Technology